LEADER 01343nas a2200301 i 4500 001 000000160931 003 CaOOAMICUS 005 20080219000000.0 008 070420b2007 gw uu u0 0mul r 013 $a138294 040 $aSeMil$bita 245 10$a2007 /$cin Verbindung mit Christia Mercer und unter ständiger Mitwirkung von Wolfgang Carl ... [et al.] ; herausgegeben von Wolfgang Bartuschat und Christoph Horn. 260 $aBerlin ; New York :$bDe Gruyter,$ccopyr. 2007. 300 $a348 p. ;$c23 cm. 500 $aArticoli con sintesi in inglese [Abstract] in testa. 700 1 $aMercer, Christia.$0(OLS)http://semarc/name/42431 700 1 $aHorn, Christoph.$0(OLS)http://semarc/name/42434 700 1 $aBartuschat, Wolfgang.$0(OLS)http://semarc/name/42433 700 1 $aCarl, Wolfgang.$0(OLS)http://semarc/name/42432 773 0 $tArchiv für Geschichte der Philosophie.$dBerlin : De Gruyter $x0003-9101$w()1896 774 0 $t[SENZA TITOLO].$w()266301 774 0 $t[SENZA TITOLO].$w()266805 774 0 $t[SENZA TITOLO].$w()267934 850 $aSeMil 852 $aSeMil$W1$xVenegono$y1$m139 5 29$j112374$B112374$CSeMilBibl$Z2$F131697 $85 961 $aAbbonamento: De Gruyter 996 $6245$a2007$9(OLS)http://semarc/title/139856 996 $6260$aBerlin ; New York :$bDe Gruyter$9(OLS)http://semarc/publisher/29892 LEADER 00819nam a2200217 i 4500 001 000000015178 003 CaOOAMICUS 005 20191120103238.0 008 180830s1977 it u000 u ita u 040 $aSeMil$bita 100 1 $aOriani, Alfredo,$d<1852-1909>.$0(OLS)http://semarc/name/1153 245 12$aI racconti /$cAlfredo Oriani ; a cura di Eugenio Ragni. 260 $aRoma :$bSalerno,$cstampa 1977. 300 $a2 v. ;$c24 cm. 700 1 $aRagni, Eugenio.$0(OLS)http://semarc/name/7074 774 0 $tTomo 1.$kNovellieri italiani$w()147206 774 0 $tTomo 2.$kNovellieri italiani$w()147207 830 2$aI novellieri italiani.$0(OLS)http://semarc/title/18364 996 $6245$aI racconti$9(OLS)http://semarc/title/20120 996 $6260$aRoma :$bSalerno$9(OLS)http://semarc/publisher/30165 LEADER 01165nam a2200217 i 4500 001 000000029373 003 CaOOAMICUS 005 20210419122720.0 008 180830s1736 it u000 u ita u 040 $aSeMil$bita 100 1 $aScupoli, Lorenzo,$c.$0(OLS)http://semarc/name/6258 245 10$aCombattimento spirituale del padre d. Lorenzo Scupoli ... Parte 1. [-2.]. 260 $aIn Roma :$bNella Stamperia di Giovanni Zempel presso Monte Giordano,$c1736. 300 $a2 v. ;$c16°. 500 $aFregio sui front. - Iniz. xilogr. - Legati insieme i 2 vol. 700 1 $aZempel, Giovanni,$c.$0(OLS)http://semarc/name/6706 774 0 $tParte 1.$g1$w()226662 774 0 $tDell'opere spirituali del padre D. Lorenzo Scupoli ... parte seconda In cui si contengono quattro diuotissimi Trattati, 1. Aggiunta al Combattimento Spirituale. 2. Della Pace interiore ..$g2$w()226665 996 $6245$aCombattimento spirituale del padre d. Lorenzo Scupoli ... Parte 1. [-2.]$9(OLS)http://semarc/title/39910 996 $6260$aIn Roma :$bNella Stamperia di Giovanni Zempel presso Monte Giordano$9(OLS)http://semarc/publisher/38080 LEADER 01212nam a2200253 i 4500 001 000000062983 003 CaOOAMICUS 005 20130419000000.0 008 130419s1962 it u000 u ita u 013 $a34155 040 $aSeMil$bita 100 1 $aZampetti, Pier Luigi.$0(OLS)http://semarc/name/17010 245 13$aIl problema della giustizia nel protestantesimo tedesco contemporaneo /$cPier Luigi Zampetti. 260 $aMilano :$bGiuffrè,$c1962. 300 $a148 p. ;$c25 cm. 490 0 $aUniversità degli studi di Trieste. Facoltà di giurisprudenza. Istituto di scienze politiche ;$v2 500 $aCon dedica autografata. 650 4$aGiustizia.$0(OLS)http://semarc/subject/1321 650 4$aTeologia protestante.$0(OLS)http://semarc/subject/720 830 0$aUniversità degli studi di Trieste. Facoltà di giurisprudenza. Istituto di scienze politiche ;$v2.$0(OLS)http://semarc/title/401934 850 $aSeMil 852 $aSeMil$W1$xVenegono$y1$m2M III 181$j29136$B29136$CSeMilBibl$Z2$F29139 $81 996 $6245$aIl problema della giustizia nel protestantesimo tedesco contemporaneo$9(OLS)http://semarc/title/99236 996 $6260$aMilano :$bGiuffrè$9(OLS)http://semarc/publisher/29926 LEADER 01343nam a2200301 i 4500 001 000000245230 003 CaOOAMICUS 005 20150930000000.0 008 150930s1962 it u000 u ita u 013 $a224135 040 $aSeMil$bita 100 1 $aLuykx, Bonifacio.$0(OLS)http://semarc/name/38508 245 13$aLa Cresima :$bdottrina e pastorale /$cBonifacio Luykx, Daniel Scheyven. 260 $aCatania :$bPaoline,$c1962. 300 $a125 p. ;$c18 cm. 490 0 $aLiturgia e vita cristiana. Seconda serie ;$v4 500 $aContiene : Bibliografia. - Fondo card. Giovanni Colombo. 650 4$aConfermazione - Pastorale.$0(OLS)http://semarc/subject/8877 650 4$aConfermazione - Teologia.$0(OLS)http://semarc/subject/7741 650 4$aConfermazione - Liturgia.$0(OLS)http://semarc/subject/17829 700 1 $aScheyven, Daniel.$0(OLS)http://semarc/name/38507 830 0$aLiturgia e vita cristiana. 2. serie ;$v4.$0(OLS)http://semarc/title/23006 850 $aSeMil 852 $aSeMil$W1$xVenegono$y1$m3GC II 366$j195576$B195576$CSeMilBibl$Z2$F206259 $8B 941 1 $a3 961 $aLascito: Colombo Card. Giovanni 996 $6245$aLa Cresima :$bdottrina e pastorale$9(OLS)http://semarc/title/195728 996 $6260$aCatania :$bPaoline$9(OLS)http://semarc/publisher/31797